Obras escogidas / (Record no. 7461)
[ view plain ]
| 000 -CABECERA | |
|---|---|
| campo de control de longitud fija | 00684cam a22002051 4500 |
| 001 - NÚMERO DE CONTROL | |
| campo de control | 000007681 |
| 005 - FECHA Y HORA DE LA ÚLTIMA TRANSACCIÓN | |
| campo de control | 20200929154247.0 |
| 008 - DATOS DE LONGITUD FIJA--INFORMACIÓN GENERAL | |
| campo de control de longitud fija | 720202m19359999sp b 000 0 spa |
| 010 ## - NÚMERO DE CONTROL DE LA BIBLIOTECA DEL CONGRESO | |
| Número de control de LC | 35012001 |
| 040 ## - FUENTE DE LA CATALOGACIÓN | |
| Centro catalogador/agencia de origen | DO-SdBNP |
| Lengua de catalogación | spa |
| Centro/agencia transcriptor | BNPHU |
| 082 ## - NÚMERO DE LA CLASIFICACIÓN DECIMAL DEWEY | |
| Número de clasificación | 868.42 |
| 100 1# - ENTRADA PRINCIPAL--NOMBRE DE PERSONA | |
| Nombre de persona | Jovellanos, Gaspar de, |
| Fechas asociadas al nombre | 1744-1811 |
| 9 (RLIN) | 21290 |
| 245 10 - MENCIÓN DE TÍTULO | |
| Título | Obras escogidas / |
| Mención de responsabilidad, etc. | Jovellanos ; Edicion, introduccion y notas de Angel del Rio. |
| 260 ## - PUBLICACIÓN, DISTRIBUCIÓN, ETC. | |
| Lugar de publicación, distribución, etc. | Madrid, : |
| Nombre del editor, distribuidor, etc. | Espasa-Calpe, s.a., |
| Fecha de publicación, distribución, etc. | [1935-. |
| 300 ## - DESCRIPCIÓN FÍSICA | |
| Extensión | v. ; |
| Dimensiones | 20 cm. |
| 440 #0 - MENCIÓN DE SERIE/PUNTO DE ACCESO ADICIONAL--TÍTULO | |
| Título | Clasicos castellanos ; |
| Designación de volumen o secuencia | 110-111. |
| 9 (RLIN) | 4180 |
| 500 ## - NOTA GENERAL | |
| Nota general | At head of title: Jovellanos. |
| 504 ## - NOTA DE BIBLIOGRAFÍA, ETC. | |
| Nota de bibliografía, etc. | "Bibliografia": v. 1, p. [139]-140. |
| 700 1# - PUNTO DE ACCESO ADICIONAL--NOMBRE DE PERSONA | |
| Nombre de persona | Rio, Angel del, |
| Fechas asociadas al nombre | 1900-1962. |
| 9 (RLIN) | 21291 |
| Estado de retiro | Estado de pérdida | Restricciones de uso | No para préstamo | Código de colección | Localización permanente | Ubicación/localización actual | Ubicación en estantería | Fecha de adquisición | Número de inventario | Total de préstamos | Signatura topográfica completa | Código de barras | Fecha visto por última vez | Precio válido a partir de | Tipo de ítem Koha |
|---|---|---|---|---|---|---|---|---|---|---|---|---|---|---|---|
| Monografías: Libros y Folletos | General | General | En catalogación | 09.09.2009 | LF1 | 868.42 | 7681-10 | 25.06.2020 | 25.06.2020 | Préstamo en sala |
